00750nam a22001937a 4500999001900000005001700019010001500036020001100051035001400062037001300076082001600089100002000105245008100125260005300206270011600259300002500375942003000400952012600430 c193843d19384320221117160815.0 aENG-135729 c980.00 aEN-119261 bDBAD/PUB a333.7924042 aManohar, Vasant aEarly pioneering projects:bof tata consulting engineers/cby Vasant Manohar aMumbaibVakil, Feffer and Simons Pvt. Ltd.c2018 aIndustry Manor, Appasaheb Marathe Marg, PrabhadevibMumbaie400025minfo@vakilspublications.comk00912224306780 axi: 184p.c23cm(pbk) 2ddccENmMANh333.7924042 001040708NFICaNRbNRd2022-11-17eDBAD/PUBg980.00l0o333.7924042 MANpEN-119261r2022-11-17 00:00:00t1v980.00yEN